A questão do petróleo no Brasil: (Record no. 61838)

MARC details
000 -LÍDER
campo de controle de tamanho fixo 00432 a2200157 4500
001 - NÚMERO DE CONTROLE
campo de controle 61838
020 ## - ISBN - INTERNATIONAL STANDARD BOOK NUMBER
ISBN - International Standard Book Number 8522501793
040 ## - FONTE DA CATALOGAÇÃO
Instituição que transcreveu o registro Anchieta - Pituba
100 ## - ENTRADA PRINCIPAL--NOME PESSOAL
Nome pessoal Dias, José Luciano de Mattos
240 10 - TÍTULO UNIFORME
Título uniforme A questão do petróleo no Brasil:
Idioma da obra por
245 10 - TÍTULO
Título A questão do petróleo no Brasil:
300 ## - DESCRIÇÃO FÍSICA
Extensão 120
362 0# - DATAS DE PUBLICAÇÃO E/OU DESIGNAÇÃO SEQUENCIAL
Datas de publicação e/ou designação sequencial 1994
650 #4 - ASSUNTO--TERMO TÓPICO
Cabeçalho tópico ou nome geográfico .Extração de minerais (aspectos financeiros, produção, produtos)
942 ## - ELEMENTOS DE ENTRADA ADICIONADOS (KOHA)
Tipo de material Koha Livros
Holdings
Situação do descarte Situação das perdas Situação física Não pode ser emprestado Biblioteca de origem Biblioteca atual Data de aquisição Total de empréstimos Número de chamada completo Código de barras Data de último acesso Data do preço efetivo Tipo de material Koha
        Colégio Anchieta - Pituba Colégio Anchieta - Pituba 21/11/2023   338.2 D541q DIA QUE 14115/PIT 21/11/2023 21/11/2023 Livros
        Colégio Anchieta - Pituba Colégio Anchieta - Pituba 21/11/2023   338.2 D541q DIA QUE 18345/PIT 21/11/2023 21/11/2023 Livros